Computer systems design and architecture (Record no. 24023)
[ view plain ]
| 000 -LEADER | |
|---|---|
| fixed length control field | 01036 a2200205 4500 |
| 003 - CONTROL NUMBER IDENTIFIER | |
| control field | NUST |
| 005 - DATE AND TIME OF LATEST TRANSACTION | |
| control field | 20170622131002.0 |
| 008 - FIXED-LENGTH DATA ELEMENTS--GENERAL INFORMATION | |
| fixed length control field | 170622b xxu||||| |||| 00| 0 eng d |
| 020 ## - INTERNATIONAL STANDARD BOOK NUMBER | |
| International Standard Book Number | 8129704668 |
| 040 ## - CATALOGING SOURCE | |
| Original cataloging agency | DLC |
| Language of cataloging | DLC |
| Transcribing agency | RCMS |
| 050 ## - LIBRARY OF CONGRESS CALL NUMBER | |
| Classification number | 004.21 HEU |
| 082 ## - DEWEY DECIMAL CLASSIFICATION NUMBER | |
| Classification number | 004.21 HEU |
| Edition number | 2nd ed. |
| 100 ## - MAIN ENTRY--PERSONAL NAME | |
| Personal name | Heuring, Vincent P. |
| 9 (RLIN) | 3098 |
| 245 ## - TITLE STATEMENT | |
| Title | Computer systems design and architecture |
| Statement of responsibility, etc. | Vincent P, Heuring. |
| 250 ## - EDITION STATEMENT | |
| Edition statement | 2nd ed. |
| 260 ## - PUBLICATION, DISTRIBUTION, ETC. | |
| Place of publication, distribution, etc. | Upper Saddle River, NJ : |
| Name of publisher, distributor, etc. | Pearson/Prentice Hall, |
| Date of publication, distribution, etc. | 2004. |
| 300 ## - PHYSICAL DESCRIPTION | |
| Extent | xvi , 592 p : |
| Other physical details | ill. |
| Dimensions | 2004. |
| 500 ## - GENERAL NOTE | |
| General note | Includes Index |
| 650 ## - SUBJECT ADDED ENTRY--TOPICAL TERM | |
| Topical term or geographic name entry element | 1.System design. 2.Computer architecture. |
| 9 (RLIN) | 3099 |
| 942 ## - ADDED ENTRY ELEMENTS (KOHA) | |
| Koha item type | Book |
| Call number prefix | 004.21 HEU |
| Source of classification or shelving scheme | |
| Classification part | 004.21 HEU |
| Withdrawn status | Lost status | Source of classification or shelving scheme | Damaged status | Not for loan | Permanent Location | Current Location | Shelving location | Date acquired | Full call number | Barcode | Date last seen | Price effective from | Koha item type |
|---|---|---|---|---|---|---|---|---|---|---|---|---|---|
| NUST Baluchistan Campus (NBC) | NUST Baluchistan Campus (NBC) | General Stacks | 05/02/2014 | 004.6HEU | RCMS000469 | 05/02/2014 | 05/02/2014 | Book | |||||
| NUST Baluchistan Campus (NBC) | NUST Baluchistan Campus (NBC) | General Stacks | 05/02/2014 | 004.6HEU | RCMS000470 | 05/02/2014 | 05/02/2014 | Book | |||||
| NUST Baluchistan Campus (NBC) | NUST Baluchistan Campus (NBC) | General Stacks | 02/24/2017 | 004.21HUE | RCMS000081 | 02/24/2017 | 02/24/2017 | Book |
